000 00637nam a22001937a 4500
005 20251108170011.0
008 250721s1997 xx 000 0 ara d
082 1 4 _a613.1/وزا
245 1 0 _aالمشرعات البحثية المدعومة :
_bتحديد مستوى الرصاص في الدم لدى المواطن العربي /
264 1 _aعمان :
_bالمجلس الاعلى للعلوم،
_c1997.
300 _a24ص
650 1 7 _aالصحة
650 1 7 _aالأمراض
650 1 7 _aصحة البيئة
650 1 7 _aالدم
710 2 _aوزارة الصحة . الأردن
942 _2ddc
_cBK
999 _c37062
_d37062